I Jornadas Archivos Municipales de Cantabria : Laredo, 24 / 25 octubre 1997 Laredo, 24 / 25 octubre 1997
Publicado:
Santander :
Asociación para la Defensa del Patrimonio Bibliográfico y Documental de Cantabria ,
1998
Descripción Física:
313 p. ; 21 cm
Colección:
Jornadas ; 1
Materias:
Arxius municipals -- Congressos
MARC
| LEADER | 00000nam a2200000Ia 4500 | ||
|---|---|---|---|
| 001 | 12116 | ||
| 003 | BGR | ||
| 005 | 20260324175300.0 | ||
| 008 | 160829s1998 xx 000 0 cat d | ||
| 080 | |a A-1-204 | ||
| 111 | |a Jornadas Archivos Municipales de Cantabria |9 71223 |c (Laredo : |d 1997) | ||
| 245 | |a I Jornadas Archivos Municipales de Cantabria : |b Laredo, 24 / 25 octubre 1997 | ||
| 260 | |a Santander : |b Asociación para la Defensa del Patrimonio Bibliográfico y Documental de Cantabria, |c 1998 | ||
| 300 | |a 313 p. ; |c 21 cm | ||
| 490 | |a Jornadas ; 1 | ||
| 650 | |a Arxius municipals |x Congressos |9 19868 | ||
| 710 | 2 | |9 70414 |a Asociación para la Defensa del Patrimonio Bibliográfico y Documental de Cantabria | |
| 901 | |a Arxiu | ||
| 942 | |n 1 |2 udc |c MON | ||
| 952 | |0 0 |1 0 |4 0 |6 A1204 |7 1 |9 43319 |a Arxiu |b Arxiu |d 2016-12-01 |l 0 |o A-1-204 |p 12116 |r 2016-12-01 00:00:00 |w 2016-12-01 |y ARXIU | ||
| 999 | |c 45864 |d 45864 | ||